| 000 | 00300nam a2200121Ia 4500 | ||
|---|---|---|---|
| 008 | 240731s9999 xx 000 0 und d | ||
| 022 | _a1747-6631 | ||
| 245 | 0 | _aJournal of Heritage Tourism | |
| 260 | _bRoutledge | ||
| 856 | _uhttps://www.tandfonline.com/loi/rjht20 | ||
| 942 | _2ddc | ||
| 942 | _cTFEJ | ||
| 999 |
_c77791 _d77791 |
||
| 945 |
_a1 _bMadushi Gamage _c1 _dMadushi Gamage |
||